00317nam a2200109Ia 4500008004100000082000800041100001500049245002300064942000600087952009900093999001500192240331s9999 xx 000 0 und d bKRI aKrishnan,R 0aAangalodu pengalum cL 001040708LaWERCLbWERCLcSSCd2024-03-31l0o 894.811 KRIp3487r2024-03-31w2024-03-31yL c4029d4029